Biomes de Terraria - Statistiques

Statistiques générales
  • Ce quiz a été pris 23 fois
  • Le résultat moyen est 12 sur 21
Statistiques - réponses
Biomes
% Correct
Jungle
100%
Corruption
87%
Carmin
80%
Désert
80%
Donjon
80%
Enfer
80%
Océan
80%
Espace
60%
Sacré
60%
Champignon
53%
Souterrain
53%
Toundra
53%
Surface
47%
Jungle Souterraine
47%
Caverne
40%
Désert Souterrain
40%
Corruption Souterraine
33%
Sacré Souterrain
27%
Toundra Souterraine
27%
Carmin Souterrain
20%
Temple de la jungle
20%
Aucun quiz correspondant
Distribution des résultats
% des personnes avec chaque résultat
Percentile par nombre de réponses
Votre historique - résultats
Vous n’avez pas pris ce quiz